Statistics for S.S.C. Napoli 2019/2020 Squad

Click here to take the quiz!

General Stats

  • This quiz has been taken 110 times
    (68 since last reset)
  • The average score is 17 of 27

Answer Stats

No.Answer% Correct
14Belgium (FW)Dries Mertens
94%
24Italy (FW)Lorenzo Insigne
91%
26Senegal (DF)Kalidou Koulibaly
89%
99Poland (FW)Arkadiusz Milik
87%
25Colombia (GK)David Ospina
85%
7Spain (MF)José Callejón
83%
20Poland (MF)Piotr Zieliński
83%
6Portugal (DF)Mário Rui
79%
44Greece (DF)Kostas Manolas
77%
5Brazil (MF)Allan
77%
1Italy (GK)Alex Meret
74%
8Spain (MF)Fabián Ruiz
72%
11Mexico (FW)Hirving Lozano
72%
-Italy (MAN)Carlo Ancelotti
70%
23Albania (DF)Elseid Hysaj
66%
31Algeria (DF)Faouzi Ghoulam
60%
22Italy (DF)Giovanni Di Lorenzo
55%
9Spain (FW)Fernando Llorente
53%
2France (DF)Kévin Malcuit
51%
19Serbia (DF)Nikola Maksimović
47%
12North Macedonia (MF)Elif Elmas
45%
27Greece (GK)Orestis Karnezis
45%
34Germany (MF)Amin Younes
40%
13Italy (DF)Sebastiano Luperto
26%
70Italy (MF)Gianluca Gaetano
15%
62Italy (DF)Lorenzo Tonelli
13%
18Italy (MF)Amato Ciciretti
6%

Score Distribution

Percentile by Number Answered

Percent of People with Each Score

Your Score History

You have not taken this quiz since the last reset